Culture générale - Les écrivains français - Statistiques

Statistiques générales
  • Ce quiz a été pris 728 fois
  • Le résultat moyen est 10 sur 15
Statistiques - réponses
Livres Auteur % Correct
Le corbeau et le renard Jean de la Fontaine
99%
Les misérables Victor Hugo
99%
L'avare Molière
94%
Germinal Émile Zola
90%
Les trois mousquetaires Alexandre Dumas
84%
Le Cid Pierre Corneille
84%
Candide Voltaire
84%
La gloire de mon père Marcel Pagnol
70%
Boule de Suif Guy de Maupassant
67%
Cyrano de Bergerac Edmond Rostand
56%
La promesse de l'aube Romain Gary
45%
Vipère au poing Hervé Bazin
42%
Tartarin de Tarascon Alphonse Daudet
29%
Ramsès Christian Jacq
10%
Tobie Lolness Timothée de Fombelle
6%
Aucun quiz correspondant
Distribution des résultats
% des personnes avec chaque résultat
Percentile par nombre de réponses
Votre historique - résultats
Vous n’avez pas pris ce quiz